000 00667nam a2200205 a 4500
005 20221112063535.0
008 121024s2007 es r 000 0 spa d
020 _a9788484124207
035 _aUPN01000188022
049 _aI
050 4 _aPQ6668 I5
_bP6.7
100 1 _aRío, Carmina del
_932941
245 1 1 _a¿Por qué Alberto se mete conmigo? /
_cil. y texto de Carmina del Río.
260 _aBarcelona, Esp. :
_bSalvatella,
_c2007.
300 _a31 p. :
_bprincipalmente il. col.
440 0 _aLaura y compañía ;
_v18
650 4 _aLIBROS Y LECTURA PARA NIÑOS -
_zESPAÑA
_92310
650 7 _aViolencia escolar
_xPrevención
_2
_912851
905 _aInfantil
999 _c160125
_d160125